00237 a2200109 4500001000700000020000600007040001100013100001100024240004400035245003900079362000900118180443 a  cMagnum aGeempa10aAlfabetizacao em classes populareslpor10aAlfabetizacao em classes populares0 a1899